[Event "ch-NOR 2013"]
[Site "Lillehammer NOR"]
[Date "2013.07.01"]
[Round "3.1"]
[White "Hammer, Jon Ludvig"]
[Black "Lie, Espen"]
[Result "1/2-1/2"]
[WhiteTitle "GM"]
[BlackTitle "IM"]
[WhiteElo "2599"]
[BlackElo "2457"]
[WhiteFideId "1503707"]
[BlackFideId "1502611"]
[EventDate "2013.06.29"]

1. d4 Nf6 2. c4 g6 3. Nc3 Bg7 4. e4 d6 5. Be2 O-O 6. Nf3 e5 7. O-O Nc6 8. Be3
exd4 9. Nxd4 Re8 10. f3 Nh5 11. Qd2 f5 12. Nxc6 bxc6 13. exf5 Bxf5 14. Bh6 Qh4
15. Bxg7 Nxg7 16. Rae1 Rab8 17. b3 Re7 18. g3 Qf6 19. g4 Bd7 20. Ne4 Qf8 21. Qd4
Ne6 22. Qc3 Qg7 23. Qd2 Qd4+ 24. Qxd4 Nxd4 25. Bd1 Kf8 26. Nf6 Rf7 27. g5 Bh3
28. Rf2 h5 29. Bc2 Nxc2 30. Rxc2 Re7 31. Rxe7 Kxe7 32. Kf2 a5 33. Ke3 a4 34. Rb2
axb3 35. axb3 Ra8 36. Re2 Kf7 37. Kd4 Ra1 38. Ne8 Bd7 39. Nf6 Bf5 40. Ne8 Bd7
41. Nxc7 Ra7 42. c5 d5 43. Nxd5 cxd5 44. Kxd5 Bb5 45. Re6 Ra2 46. Rf6+ Kg7 47.
h4 Rd2+ 48. Ke5 Re2+ 49. Kd5 Rd2+ 50. Ke5 Re2+ 51. Kd5 1/2-1/2

[Event "ch-NOR 2013"]
[Site "Lillehammer NOR"]
[Date "2013.07.01"]
[Round "3.2"]
[White "Gronn, Atle"]
[Black "Elsness, Frode"]
[Result "1-0"]
[WhiteTitle "IM"]
[BlackTitle "IM"]
[WhiteElo "2368"]
[BlackElo "2494"]
[WhiteFideId "1500961"]
[BlackFideId "1501100"]
[EventDate "2013.06.29"]

1. Nf3 c5 2. c4 Nc6 3. Nc3 g6 4. e3 Nf6 5. d4 cxd4 6. exd4 d5 7. cxd5 Nxd5 8.
Qb3 Nxc3 9. Bc4 Nd5 10. Bxd5 e6 11. Bxc6+ bxc6 12. O-O Qd5 13. Bf4 f6 14. Rfc1
Be7 15. Rc3 Bd7 16. Rac1 Kf7 17. Qxd5 cxd5 18. Rc7 Rhd8 19. h4 h5 20. Nd2 Ke8
21. Nb3 Rdc8 22. Nc5 Rxc7 23. Bxc7 Rc8 24. Bf4 e5 25. Nxd7 Rxc1+ 26. Bxc1 Kxd7
27. Be3 e4 28. f3 exf3 29. gxf3 Ke6 30. Kg2 Kf5 31. Bd2 Bd8 32. a4 Bb6 33. Bc3
a6 34. b4 g5 35. hxg5 fxg5 36. Kg3 Bc7+ 37. Kg2 g4 38. b5 a5 39. Be1 Bb6 40. Bg3
Bxd4 41. Bc7 Bc3 42. b6 Bd4 43. b7 gxf3+ 44. Kxf3 Ba7 45. Bxa5 Ke6 46. Bb6 Bb8
47. a5 Kd7 48. a6 Kc6 49. Bd4 Bd6 50. Kg2 h4 51. Kh3 Bg3 52. Bf2 Be5 53. Kxh4
Bb8 54. Kg4 Kc7 55. Kf5 Kc6 56. Ke6 Bd6 57. Bd4 Bb8 58. Ke7 Bc7 59. Ke8 Bb8 60.
Kd8 1-0

[Event "ch-NOR 2013"]
[Site "Lillehammer NOR"]
[Date "2013.07.01"]
[Round "3.4"]
[White "Holm, Kristian Stuvik"]
[Black "Ostenstad, Berge"]
[Result "1/2-1/2"]
[WhiteTitle "FM"]
[BlackTitle "GM"]
[WhiteElo "2255"]
[BlackElo "2467"]
[WhiteFideId "1508083"]
[BlackFideId "1500058"]
[EventDate "2013.06.29"]

1. d4 Nf6 2. c4 e6 3. Nf3 b6 4. g3 Ba6 5. Qa4 Bb7 6. Bg2 c5 7. dxc5 Bxc5 8. O-O
O-O 9. Nc3 Be7 10. Rd1 Na6 11. Bf4 Nc5 12. Qc2 a6 13. Rac1 Rc8 14. Qd2 Nce4 15.
Nxe4 Bxe4 16. Ne5 Bxg2 17. Kxg2 d6 18. Nf3 d5 19. cxd5 Nxd5 20. Be5 Rxc1 21.
Rxc1 1/2-1/2

[Event "ch-NOR 2013"]
[Site "Lillehammer NOR"]
[Date "2013.07.01"]
[Round "3.5"]
[White "Kvisvik, Brede"]
[Black "Lie, Kjetil A."]
[Result "0-1"]
[WhiteTitle "FM"]
[BlackTitle "GM"]
[WhiteElo "2312"]
[BlackElo "2532"]
[WhiteFideId "1502999"]
[BlackFideId "1501984"]
[EventDate "2013.06.29"]

1. d4 Nf6 2. c4 g6 3. Nc3 Bg7 4. e4 d6 5. Bd3 O-O 6. Nge2 c5 7. d5 e6 8. O-O
exd5 9. cxd5 a6 10. a4 Nbd7 11. Ng3 h5 12. Re1 Re8 13. h3 Rb8 14. Nf1 Qc7 15.
Ne3 h4 16. a5 Ne5 17. Be2 b5 18. axb6 Rxb6 19. Qc2 Rb4 20. Bd2 Qb8 21. Ra2 c4
22. Ned1 Nfd7 23. Na4 Rb3 24. Bc3 Qb5 25. Ne3 Nd3 26. Bxd3 cxd3 27. Qd2 Bh6 28.
Bd4 Qb4 29. Bc3 Qxe4 30. Qd1 d2 31. Qxd2 Ne5 32. Qd4 Qxd4 33. Bxd4 Nd3 34. Rd1
Nxf2 35. Kxf2 Bxe3+ 36. Bxe3 Rbxe3 37. Rd2 R3e4 38. Nb6 Rf4+ 39. Kg1 Re1+ 40.
Kh2 Rff1 41. g4 hxg3+ 42. Kxg3 Re3+ 43. Kh2 Bf5 44. Ra3 Rxa3 45. bxa3 Rc1 46.
Rd4 Rc3 47. Nc4 Rxh3+ 48. Kg2 Rd3 49. Rxd3 Bxd3 50. Nxd6 Kf8 51. Kf3 Ke7 52. Nb7
Bf5 53. d6+ Kd7 54. Nc5+ Kxd6 55. Nxa6 g5 56. Nb4 Kc5 57. Ke3 Bg6 58. Na6+ Kd6
59. Nb4 f5 60. Nd3 Be8 61. Kd4 Ba4 62. Nb2 Bb5 63. a4 Ba6 64. Nd1 f4 65. Nf2 Ke6
66. Ne4 Kf5 67. Nc5 g4 0-1

[Event "ch-NOR 2013"]
[Site "Lillehammer NOR"]
[Date "2013.07.01"]
[Round "3.7"]
[White "Devereaux, Maxim L"]
[Black "Stokke, Kjetil"]
[Result "1/2-1/2"]
[WhiteTitle "IM"]
[BlackTitle "IM"]
[WhiteElo "2356"]
[BlackElo "2385"]
[WhiteFideId "408280"]
[BlackFideId "1502964"]
[EventDate "2013.06.29"]

1. d4 Nf6 2. Nf3 g6 3. g3 b6 4. Bg2 Bb7 5. c4 Bg7 6. Nc3 Ne4 7. Nxe4 Bxe4 8. Be3
O-O 9. Qd2 d5 10. cxd5 Qxd5 11. O-O Nd7 12. Bh3 Bf5 13. Bxf5 Qxf5 14. Rac1 Rac8
15. Qc2 Qd5 16. Qa4 c6 17. Rfd1 Rfd8 18. b3 Qb5 19. Qc4 Qxc4 20. Rxc4 Ne5 21.
Nxe5 Bxe5 22. a4 f5 23. Rdc1 Bf6 24. f3 Kf7 25. b4 Rb8 26. Rxc6 Bxd4 27. Kf2
Bxe3+ 28. Kxe3 Rd7 29. h4 Rbd8 30. h5 Rd4 31. hxg6+ hxg6 32. Rc7 Rxb4 33. Rxa7
Rd6 34. Kf2 Re6 35. Rc3 Kf6 36. Re3 Rxe3 37. Kxe3 Rb2 38. Ra6 e6 39. a5 bxa5 40.
Rxa5 1/2-1/2

[Event "ch-NOR 2013"]
[Site "Lillehammer NOR"]
[Date "2013.07.01"]
[Round "3.8"]
[White "Djurhuus, Rune"]
[Black "Moen, Ole Christian"]
[Result "1-0"]
[WhiteTitle "GM"]
[BlackTitle "FM"]
[WhiteElo "2455"]
[BlackElo "2234"]
[WhiteFideId "1500082"]
[BlackFideId "1500457"]
[EventDate "2013.06.29"]

1. d4 Nf6 2. c4 g6 3. Nc3 Bg7 4. e4 d6 5. Be2 O-O 6. Bg5 h6 7. Be3 Na6 8. Qd2
Kh7 9. f3 e5 10. d5 Ng8 11. h4 f5 12. h5 f4 13. hxg6+ Kh8 14. Bf2 Bf6 15. O-O-O
Kg7 16. a3 Nc5 17. Kc2 a5 18. Bxc5 dxc5 19. d6 Qxd6 20. Qxd6 cxd6 21. Rxd6 Rd8
22. Rxd8 Bxd8 23. Nd5 Ra6 24. Nh3 Rxg6 25. Nhxf4 exf4 26. Nxf4 Rg5 27. g4 Ne7
28. Nh5+ Kg6 29. Kd2 Bc7 30. f4 Rxg4 31. f5+ Kg5 32. Bxg4 Kxg4 33. Nf6+ Kf3 34.
Kd3 Be5 35. Nd5 Nxd5 36. cxd5 c4+ 37. Kxc4 Kxe4 38. Rxh6 Bxf5 39. Rb6 Bc8 40. b3
Bc7 41. Rh6 b6 42. d6 Ba6+ 43. Kc3 Bd8 44. d7 Bb5 45. a4 Bxd7 46. Rd6 b5 47.
axb5 1-0

[Event "ch-NOR 2013"]
[Site "Lillehammer NOR"]
[Date "2013.07.01"]
[Round "3.9"]
[White "Chavannes, Ivar"]
[Black "Tari, Aryan"]
[Result "0-1"]
[BlackTitle "FM"]
[WhiteElo "2181"]
[BlackElo "2354"]
[WhiteFideId "1502069"]
[BlackFideId "1510045"]
[EventDate "2013.06.29"]

1. d4 d5 2. c4 dxc4 3. e3 b5 4. a4 b4 5. Bxc4 Nf6 6. Nf3 e6 7. O-O Be7 8. Qe2
O-O 9. Rd1 Bb7 10. Nbd2 Nbd7 11. a5 a6 12. Nb3 c5 13. Bd2 Qb8 14. Rac1 Rc8 15.
Be1 cxd4 16. exd4 Nd5 17. Bd2 Bd6 18. g3 Re8 19. Ng5 N7f6 20. Nc5 Bxc5 21. dxc5
Qc7 22. Bd3 Bc6 23. Ne4 Nxe4 24. Qxe4 f5 25. Qd4 Qb7 26. Qe5 Bb5 27. Bxb5 Qxb5
28. c6 Qxa5 29. Be3 Rac8 30. c7 Qa4 31. Bd4 Qd7 32. Bb6 Qb5 33. Bd4 Qd7 34. Bb6
Re7 35. Rc5 Kf7 36. b3 Nxb6 37. Rxd7 Nxd7 38. Qd6 Nxc5 39. Qxc5 Rcxc7 40. Qxb4
Rc6 41. Qb8 Rd7 42. b4 Rc2 43. Qb6 Rd1+ 44. Kg2 Rdd2 45. Qb7+ Kf6 46. Qb8 Rxf2+
47. Kg1 Rg2+ 48. Kf1 Rcf2+ 49. Ke1 Re2+ 50. Kf1 Rxh2 51. Qf8+ Kg6 52. Qd6 Kh5
53. Qe7 Kh6 54. Qd6 g6 55. Qf4+ g5 56. Qc4 Kh5 57. Qd3 Rd2 58. g4+ Kh4 0-1

[Event "ch-NOR 2013"]
[Site "Lillehammer NOR"]
[Date "2013.07.01"]
[Round "3.10"]
[White "Hole, Oystein"]
[Black "Stubberud, Ornulf"]
[Result "1-0"]
[WhiteTitle "IM"]
[BlackTitle "FM"]
[WhiteElo "2353"]
[BlackElo "2327"]
[WhiteFideId "1501526"]
[BlackFideId "1503758"]
[EventDate "2013.06.29"]

1. Nf3 Nf6 2. c4 g6 3. Nc3 Bg7 4. e4 d6 5. d4 O-O 6. Be2 e5 7. O-O Na6 8. Be3
Ng4 9. Bg5 f6 10. Bc1 c6 11. c5 exd4 12. Bxa6 dxc3 13. Bc4+ Kh8 14. cxd6 f5 15.
bxc3 fxe4 16. Ng5 Ne5 17. Bb3 Bf5 18. Re1 Nd3 19. Rxe4 Nxc1 20. Qxc1 Bxe4 21.
Nxe4 Qh4 22. Qe3 Qf4 23. Qxf4 Rxf4 24. f3 Be5 25. Rd1 b6 1-0

[Event "ch-NOR 2013"]
[Site "Lillehammer NOR"]
[Date "2013.07.01"]
[Round "3.11"]
[White "Kvisla, Johannes Luangtep"]
[Black "Lovik, Lasse Ostebo"]
[Result "0-1"]
[BlackTitle "FM"]
[WhiteElo "2175"]
[BlackElo "2311"]
[WhiteFideId "1504533"]
[BlackFideId "1505033"]
[EventDate "2013.06.29"]

1. d4 Nf6 2. c4 e6 3. Nc3 Bb4 4. e3 O-O 5. Ne2 d5 6. a3 Bd6 7. Ng3 c6 8. Be2
dxc4 9. Bxc4 e5 10. dxe5 Bxe5 11. Qxd8 Rxd8 12. Bd2 Nbd7 13. f4 Bc7 14. O-O-O
Nc5 15. b4 Nd3+ 16. Bxd3 Rxd3 17. Kc2 Rd8 18. h3 Be6 19. Bc1 Nd5 20. Nxd5 Bxd5
21. e4 Bc4 22. Kc3 Bb5 23. Nf5 a5 24. Rxd8+ Rxd8 25. Nd4 Ba6 26. Be3 Bb6 27. Re1
axb4+ 28. axb4 h6 29. Nf5 Rd3+ 30. Kc2 Bc7 31. e5 Kh7 32. Rd1 Rxd1 33. Kxd1 Bf1
34. Nd6 Bxg2 35. Nxf7 Bxh3 36. Nd6 b5 37. Ke2 Kg6 38. Bc5 Bd8 39. Kf3 Bh4 40.
Nb7 Kf5 41. Nd6+ Ke6 42. Nb7 g6 43. Bf2 Be7 44. Bc5 Bh4 45. Bf2 Be7 46. Bc5 Bxc5
47. Nxc5+ Kf5 48. Kg3 Bf1 49. Nb3 Ke6 50. Kf2 Bc4 51. Nd4+ Kd5 52. Ke3 Bf1 53.
e6 Bh3 54. f5 gxf5 55. Kf4 Kd6 56. e7 Kxe7 57. Nxc6+ Kf6 58. Nd4 h5 59. Nxb5 h4
60. Nd4 Bg4 61. b5 h3 62. Nf3 Ke6 63. Ng5+ Kf6 64. Nf3 Ke7 65. b6 Kd6 66. b7 Kc7
67. Nh2 Kxb7 68. Kg3 Kc6 69. Kf4 Kd5 70. Nf1 Kd4 71. Nh2 Kd3 72. Kg3 Ke2 0-1

[Event "ch-NOR 2013"]
[Site "Lillehammer NOR"]
[Date "2013.07.01"]
[Round "4.1"]
[White "Lie, Espen"]
[Black "Gronn, Atle"]
[Result "1/2-1/2"]
[WhiteTitle "IM"]
[BlackTitle "IM"]
[WhiteElo "2457"]
[BlackElo "2368"]
[WhiteFideId "1502611"]
[BlackFideId "1500961"]
[EventDate "2013.06.29"]

1. Nf3 Nf6 2. g3 g6 3. Bg2 Bg7 4. O-O O-O 5. c4 c6 6. d4 d5 7. cxd5 cxd5 8. Nc3
Ne4 9. Bf4 Nc6 10. Rc1 Nxc3 11. bxc3 1/2-1/2

[Event "ch-NOR 2013"]
[Site "Lillehammer NOR"]
[Date "2013.07.01"]
[Round "4.2"]
[White "Urkedal, Frode"]
[Black "Hammer, Jon Ludvig"]
[Result "0-1"]
[WhiteTitle "IM"]
[BlackTitle "GM"]
[WhiteElo "2470"]
[BlackElo "2599"]
[WhiteFideId "1506102"]
[BlackFideId "1503707"]
[EventDate "2013.06.29"]

1. Nf3 Nf6 2. c4 g6 3. Nc3 d5 4. cxd5 Nxd5 5. Qb3 Nb6 6. d4 Bg7 7. Bf4 Be6 8.
Qa3 O-O 9. e3 N8d7 10. Be2 c5 11. dxc5 Nc4 12. Qb4 a5 13. Qb5 Rc8 14. Nd4 Nxc5
15. Nxe6 Bxc3+ 16. bxc3 Qd2+ 17. Kf1 Qxc3 18. g3 Nxe6 19. Kg2 Nxf4+ 20. exf4 Nd6
21. Qe5 Qa3 22. Rhd1 Rc2 23. Rd5 a4 24. Ra5 Qb4 25. Bd1 Nc4 26. Qb5 Rxf2+ 27.
Kxf2 Qd2+ 28. Be2 Qd4+ 29. Kg2 Nxa5 30. Rd1 Qe3 31. Bg4 h5 32. Bxh5 Nc6 33. Qxb7
gxh5 0-1

[Event "ch-NOR 2013"]
[Site "Lillehammer NOR"]
[Date "2013.07.01"]
[Round "4.3"]
[White "Lie, Kjetil A."]
[Black "Elsness, Frode"]
[Result "0-1"]
[WhiteTitle "GM"]
[BlackTitle "IM"]
[WhiteElo "2532"]
[BlackElo "2494"]
[WhiteFideId "1501984"]
[BlackFideId "1501100"]
[EventDate "2013.06.29"]

1. d4 Nf6 2. Nf3 e6 3. Bg5 h6 4. Bh4 b6 5. Nbd2 Bb7 6. e3 d6 7. a4 g5 8. Bg3 Nh5
9. a5 Nd7 10. a6 Bc8 11. Bb5 Bg7 12. Ne4 Qe7 13. Nfd2 Nxg3 14. Nxg3 f5 15. h4 g4
16. Nh5 Qf7 17. Nf4 h5 18. d5 exd5 19. Bc6 Rb8 20. Bxd5 Qf6 21. Ne6 Qxb2 22. Rb1
Qf6 23. Nxc7+ Kd8 24. Ne6+ Ke7 25. Nd4 Ne5 26. f4 gxf3 27. N2xf3 Bd7 28. O-O Bh6
29. Rb3 Rbc8 30. e4 f4 31. Nf5+ Bxf5 32. exf5 Ng4 33. Qd3 Ne3 34. Qe4+ Kf8 35.
Be6 Re8 36. Rxe3 fxe3 37. Rd1 Rg8 38. Qd5 Rg7 39. Qxd6+ Rge7 40. Ng5 Bxg5 41.
hxg5 Qxg5 42. Re1 Kg7 43. Qe5+ Qf6 44. Qg3+ Kh8 45. Rxe3 Rg7 46. Qf3 Rg5 47. Rd3
Kg7 48. c3 Rd8 49. Qb7+ Kh6 50. Bd7 Rdg8 51. Bc6 R5g7 52. Rd7 Qxc3 53. Rxg7 Rxg7
54. Qc8 Qe1+ 55. Kh2 Qe5+ 56. Kh1 Re7 57. g3 Qxg3 58. Qh8+ Kg5 0-1

[Event "ch-NOR 2013"]
[Site "Lillehammer NOR"]
[Date "2013.07.01"]
[Round "4.4"]
[White "Stokke, Kjetil"]
[Black "Johannessen, Leif Erlend"]
[Result "1/2-1/2"]
[WhiteTitle "IM"]
[BlackTitle "GM"]
[WhiteElo "2385"]
[BlackElo "2520"]
[WhiteFideId "1502964"]
[BlackFideId "1501674"]
[EventDate "2013.06.29"]

1. d4 Nf6 2. c4 e6 3. Nf3 d5 4. Nc3 Be7 5. Bg5 h6 6. Bh4 O-O 7. e3 Ne4 8. Bxe7
Qxe7 9. Rc1 Nxc3 10. Rxc3 c6 11. Bd3 Nd7 12. O-O e5 13. dxe5 dxc4 14. Bxc4 Nxe5
15. Nxe5 Qxe5 16. Qb3 Qe7 17. h3 Rd8 18. Rd1 Rxd1+ 19. Qxd1 Bf5 20. Qf3 Be4 21.
Qf4 Rd8 22. f3 Bg6 23. e4 Qb4 24. Bb3 a5 25. Qe3 Qd4 26. Qxd4 Rxd4 27. Rc4 Rd2
28. Rc2 Rxc2 29. Bxc2 Kf8 30. Kf2 Ke7 31. Ke3 f6 32. a3 Bf7 33. Kd4 1/2-1/2

[Event "ch-NOR 2013"]
[Site "Lillehammer NOR"]
[Date "2013.07.01"]
[Round "4.5"]
[White "Ostenstad, Berge"]
[Black "Devereaux, Maxim L"]
[Result "0-1"]
[WhiteTitle "GM"]
[BlackTitle "IM"]
[WhiteElo "2467"]
[BlackElo "2356"]
[WhiteFideId "1500058"]
[BlackFideId "408280"]
[EventDate "2013.06.29"]

1. c4 Nf6 2. Nc3 e6 3. d4 Bb4 4. Qc2 O-O 5. a3 Bxc3+ 6. Qxc3 b5 7. c5 Ne4 8. Qc2
f5 9. Nh3 Bb7 10. f3 Qh4+ 11. g3 Qe7 12. Bg2 Nf6 13. O-O Nc6 14. e3 a5 15. Rd1
d6 16. cxd6 cxd6 17. b3 Rfc8 18. Qd2 Nd8 19. Bb2 Bd5 20. b4 Qb7 21. Rf1 axb4 22.
Nf4 Bc4 23. Rfe1 bxa3 24. Bxa3 d5 25. Bc5 Rxa1 26. Rxa1 Ra8 27. Rb1 Ra2 28. Qc3
g5 29. Nd3 Nc6 30. Ne5 Nxe5 31. dxe5 Nd7 32. Bd4 Qa8 33. e4 dxe4 34. Qe3 h6 35.
fxe4 Re2 36. Qf3 g4 37. Qf4 Qa2 38. Rb2 Qa1+ 39. Bf1 Re1 0-1

[Event "ch-NOR 2013"]
[Site "Lillehammer NOR"]
[Date "2013.07.01"]
[Round "4.6"]
[White "Getz, Nicolai"]
[Black "Djurhuus, Rune"]
[Result "1/2-1/2"]
[WhiteTitle "IM"]
[BlackTitle "GM"]
[WhiteElo "2359"]
[BlackElo "2455"]
[WhiteFideId "1505572"]
[BlackFideId "1500082"]
[EventDate "2013.06.29"]

1. d4 Nf6 2. c4 g6 3. Nc3 Bg7 4. e4 d6 5. f3 O-O 6. Nge2 c6 7. Ng3 e5 8. d5 cxd5
9. cxd5 Nbd7 10. Be2 a6 11. Be3 h5 12. Bg5 b5 13. b4 Nb6 14. a4 bxa4 15. Nxa4
Bd7 16. Nb2 Qc7 17. O-O a5 18. bxa5 Qc5+ 19. Kh1 Rxa5 20. Nd3 Qc3 21. Rxa5 Qxa5
22. f4 exf4 23. Rxf4 Qc3 24. Qe1 Qxe1+ 25. Nxe1 Ng4 26. h3 Ne5 27. Be7 Rc8 28.
Bxd6 Rc1 29. Rf1 Nbc4 30. Bxc4 Nxc4 31. Bf4 Rc3 32. Rf3 Rxf3 33. Nxf3 f6 34. Nf1
Ba4 35. N1d2 Nxd2 36. Nxd2 Bc2 37. Kg1 Bf8 38. Kf2 Bb4 39. Kf3 Bxd2 40. Bxd2 Kf7
41. Ke3 Ke7 42. Kd4 Bb1 43. Bb4+ Kf7 44. Be1 Bc2 45. Bd2 Ke7 46. g4 hxg4 47.
hxg4 g5 48. e5 fxe5+ 49. Kxe5 Kd7 50. Bb4 Bb3 51. d6 Be6 52. Ke4 1/2-1/2

[Event "ch-NOR 2013"]
[Site "Lillehammer NOR"]
[Date "2013.07.01"]
[Round "4.7"]
[White "Tari, Aryan"]
[Black "Moen, Andreas"]
[Result "1-0"]
[WhiteTitle "FM"]
[BlackTitle "IM"]
[WhiteElo "2354"]
[BlackElo "2410"]
[WhiteFideId "1510045"]
[BlackFideId "1501453"]
[EventDate "2013.06.29"]

1. e4 e5 2. Nf3 Nf6 3. d4 Nxe4 4. Bd3 d5 5. Nxe5 Nc6 6. Nxc6 bxc6 7. O-O Be7 8.
Re1 O-O 9. Nd2 Nxd2 10. Bxd2 Rb8 11. Rb1 c5 12. dxc5 Bxc5 13. b4 Bd4 14. c3 Bb6
15. Qh5 g6 16. Qh6 Bd7 17. Bg5 f6 18. Bxg6 hxg6 19. Qxg6+ Kh8 20. Qh5+ Kg8 21.
Bh6 1-0

[Event "ch-NOR 2013"]
[Site "Lillehammer NOR"]
[Date "2013.07.01"]
[Round "4.8"]
[White "Lovik, Lasse Ostebo"]
[Black "Holm, Kristian Stuvik"]
[Result "1/2-1/2"]
[WhiteTitle "FM"]
[BlackTitle "FM"]
[WhiteElo "2311"]
[BlackElo "2255"]
[WhiteFideId "1505033"]
[BlackFideId "1508083"]
[EventDate "2013.06.29"]

1. d4 Nf6 2. c4 e6 3. Nc3 Bb4 4. Qc2 O-O 5. a3 Bxc3+ 6. Qxc3 b6 7. Bg5 Bb7 8.
Nf3 h6 9. Bh4 d6 10. e3 Nbd7 11. Be2 Qe7 12. O-O Rfe8 13. Bxf6 Nxf6 14. Nd2 Ne4
15. Nxe4 Bxe4 16. Bd3 Bxd3 17. Qxd3 1/2-1/2

[Event "ch-NOR 2013"]
[Site "Lillehammer NOR"]
[Date "2013.07.01"]
[Round "4.9"]
[White "Moen, Ole Christian"]
[Black "Kvisvik, Brede"]
[Result "1/2-1/2"]
[WhiteTitle "FM"]
[BlackTitle "FM"]
[WhiteElo "2234"]
[BlackElo "2312"]
[WhiteFideId "1500457"]
[BlackFideId "1502999"]
[EventDate "2013.06.29"]

1. e4 e5 2. Nf3 Nc6 3. Bb5 Nf6 4. O-O Nxe4 5. Re1 Nd6 6. Nxe5 Be7 7. Bf1 Nxe5 8.
Rxe5 O-O 9. Nc3 Bf6 10. Re1 Nf5 11. Nd5 c6 12. Nxf6+ Qxf6 13. Qf3 d5 14. c3 Qg6
15. d4 Nd6 16. Qg3 Qxg3 17. hxg3 Be6 18. Bf4 Rad8 19. f3 Rfe8 20. g4 f6 21. Bd3
g5 22. Bg3 h6 23. Re2 Kf8 24. Kf2 Bf7 25. Rxe8+ Nxe8 26. Rh1 Kg7 27. a4 Bg6 28.
Bf5 Bxf5 29. gxf5 Rd7 30. Re1 Kf7 31. Bb8 a6 32. g4 h5 33. gxh5 Ng7 34. f4 gxf4
35. Kf3 1/2-1/2

[Event "ch-NOR 2013"]
[Site "Lillehammer NOR"]
[Date "2013.07.01"]
[Round "4.10"]
[White "Chavannes, Ivar"]
[Black "Hole, Oystein"]
[Result "1/2-1/2"]
[BlackTitle "IM"]
[WhiteElo "2181"]
[BlackElo "2353"]
[WhiteFideId "1502069"]
[BlackFideId "1501526"]
[EventDate "2013.06.29"]

1. d4 d5 2. c4 c6 3. Nf3 Nf6 4. Nc3 dxc4 5. a4 Bf5 6. Ne5 Nbd7 7. Nxc4 Qc7 8. g3
e5 9. dxe5 Nxe5 10. Bf4 Nfd7 11. Bg2 g5 12. Ne3 gxf4 13. Nxf5 O-O-O 14. Qc2 fxg3
15. hxg3 h5 16. O-O-O Nc5 17. Rxd8+ Qxd8 18. Rd1 Qf6 19. f4 Ng4 20. e4 Be7 21.
b4 Na6 22. Nd5 Qa1+ 23. Kd2 Bxb4+ 24. Nxb4 Rd8+ 25. Nd3 Qa3 26. Ke2 Kc7 27. e5
f6 28. Nd6 Kb8 29. Nxb7 Nb4 30. Qb1 Rxd3 31. Rxd3 Nxd3 32. Nc5+ Nb2 33. Qc1 Kc8
34. Be4 fxe5 35. Nd3 Nxd3 36. Qxc6+ Kd8 37. Qa8+ Ke7 38. Qxa7+ Kf8 39. Qb8+ Ke7
40. Qc7+ Kf6 41. Qd8+ Kg7 42. Qd7+ Kf8 43. Qxd3 Qb2+ 44. Qd2 Qb6 45. Kf3 exf4
46. gxf4 Nf6 47. a5 Qb3+ 48. Qd3 Qe6 49. f5 Qe5 50. a6 Qc5 51. Qc2 Qg1 52. Qc8+
Kg7 53. Qc7+ Kh6 54. Qf4+ Kh7 55. Qc7+ Kh6 56. Ke2 Qd4 57. Bd3 Qb2+ 58. Kd1 Qb3+
59. Ke2 Qb2+ 60. Kf3 Qa3 61. Qf4+ Kh7 62. Qd4 Qb3 63. a7 Qd1+ 64. Kf4 Qg4+ 65.
Ke5 Qg3+ 66. Ke6 Qg8+ 67. Kxf6 Qg7+ 68. Ke6 Qxd4 69. a8=Q Qxd3 70. f6 Qc4+ 71.
Ke7 Qc7+ 72. Ke6 Qc4+ 73. Ke7 Qc7+ 1/2-1/2

[Event "ch-NOR 2013"]
[Site "Lillehammer NOR"]
[Date "2013.07.01"]
[Round "4.11"]
[White "Stubberud, Ornulf"]
[Black "Kvisla, Johannes Luangtep"]
[Result "1-0"]
[WhiteTitle "FM"]
[WhiteElo "2327"]
[BlackElo "2175"]
[WhiteFideId "1503758"]
[BlackFideId "1504533"]
[EventDate "2013.06.29"]

1. e4 e5 2. Nf3 Nc6 3. Bb5 a6 4. Ba4 Nf6 5. O-O Be7 6. Re1 b5 7. Bb3 O-O 8. h3
d6 9. c3 a5 10. d4 a4 11. Bc2 Bd7 12. Nbd2 Re8 13. Nf1 h6 14. Ng3 Bf8 15. Nh2 g6
16. f4 exd4 17. cxd4 Nb4 18. Bb1 c5 19. d5 Bg7 20. a3 Na6 21. Nf3 Nc7 22. Bd2
Qb8 23. Bc2 Qb7 24. Kh2 Rf8 25. Bc3 Rae8 26. Qd2 Nh7 27. Bxg7 Kxg7 28. Rad1 Nf6
29. f5 b4 30. fxg6 fxg6 31. e5 dxe5 32. Nxe5 Ncxd5 33. Nxg6 Rxe1 34. Rxe1 Rf7
35. Ne5 Re7 36. Nxd7 Rxd7 37. Nf5+ Kh8 38. Qxh6+ Rh7 39. Re8+ Ng8 40. Qe6 Qc7+
41. Kg1 Qf7 42. Qxf7 Rxf7 43. Nh6 Rg7 44. axb4 Nf6 45. Rb8 Nd7 46. Rd8 cxb4 47.
Bxa4 Nc5 48. Bc2 Ne6 49. Rb8 Nf4 50. Be4 Nxh3+ 51. Kh2 Nf4 52. Rf8 Ne6 53. Nf7+
Rxf7 54. Rxf7 Ng5 55. Rf4 1-0

[Event "ch-NOR 2013"]
[Site "Lillehammer NOR"]
[Date "2013.07.02"]
[Round "5.1"]
[White "Hammer, Jon Ludvig"]
[Black "Gronn, Atle"]
[Result "1-0"]
[WhiteTitle "GM"]
[BlackTitle "IM"]
[WhiteElo "2599"]
[BlackElo "2368"]
[WhiteFideId "1503707"]
[BlackFideId "1500961"]
[EventDate "2013.06.29"]

1. d4 d6 2. Nf3 Bg4 3. e4 Nf6 4. Nc3 e6 5. h3 Bh5 6. Bd3 d5 7. exd5 Nxd5 8. O-O
Be7 9. Ne4 Nb4 10. Ng3 Bg6 11. Bxg6 hxg6 12. c4 c6 13. a3 N4a6 14. b4 Nc7 15.
Bf4 Nd7 16. Ne4 Nf6 17. Nc5 Qc8 18. Ne5 O-O 19. Qf3 a5 20. Nxb7 Qxb7 21. Nxc6
Na6 22. b5 Rfc8 23. Nxe7+ Qxe7 24. bxa6 Rxa6 25. c5 Nd5 26. Bd6 Qh4 27. Rfd1 Ra7
28. Rab1 g5 29. Rb2 f5 30. Re2 Kf7 31. Rxe6 Kxe6 32. Re1+ Kf6 33. Qxd5 1-0

[Event "ch-NOR 2013"]
[Site "Lillehammer NOR"]
[Date "2013.07.02"]
[Round "5.2"]
[White "Holm, Kristian Stuvik"]
[Black "Lie, Kjetil A."]
[Result "1/2-1/2"]
[WhiteTitle "FM"]
[BlackTitle "GM"]
[WhiteElo "2255"]
[BlackElo "2532"]
[WhiteFideId "1508083"]
[BlackFideId "1501984"]
[EventDate "2013.06.29"]

1. Nf3 g6 2. c4 Bg7 3. d4 Nf6 4. Nc3 O-O 5. e4 d6 6. Be2 Na6 7. O-O e5 8. Re1
Qe8 9. Bf1 Bg4 10. dxe5 dxe5 11. b3 Rd8 12. Qe2 Nb4 13. Ba3 Bxf3 14. Qxf3 Nc2
15. Bxf8 Qxf8 16. Nd5 Ne8 17. Qc3 Nxa1 18. Rxa1 c6 19. Nb4 Rd4 20. Re1 Qe7 21.
Nc2 Rd7 22. Re3 Nf6 23. h3 Bh6 24. Re2 Rd1 25. Qb4 Qxb4 26. Nxb4 Bf8 27. Nc2 Bc5
28. g3 a5 29. Kg2 a4 30. Ne1 axb3 31. axb3 Bd4 32. b4 Bc3 33. Nf3 Rb1 34. Re3
Rc1 35. b5 Bd4 36. bxc6 bxc6 37. Re1 Rxe1 38. Nxe1 Nxe4 39. Nd3 c5 40. f4 exf4
41. Nxf4 Be5 42. Bd3 Nd6 43. Nd5 f5 44. g4 Kf7 45. Kf3 Bb2 46. gxf5 gxf5 47. Kf4
h6 48. h4 Ke6 49. Nc7+ Kf6 50. Nd5+ Kg6 51. Ne7+ Kf6 52. Nd5+ 1/2-1/2